000 00327nam a22001217a 4500
008 160429b xxu||||| |||| 00| 0 eng d
020 _a9780801654947
020 _a0801654947
041 _aeng
080 _a618.2
245 _aMedical surgical nursing:
_cBarbara C. Long; Wilma J. Phipps; Mary Sayer Nichols;
942 _2udc
_cBK
999 _c1678
_d1678